00305nam a2200109Ia 4500008004000000082001300040100003400053245003200087260003700119300001100156650002800167210210b1999 xxu||||| |||| 00| 0 eng d a530 PRAT aPRABHU (G Ganesh) and others. aText book of physics. I PUC aMangalorebIsha Publishersc1999 axi,418 aPhysics I PUC text Isha